[Event "79th ITA-ch 2019"]
[Site "Padova"]
[Date "2019.11.29"]
[Round "6.6"]
[White "Brunello, Marina"]
[Black "David, Alberto"]
[Result "1/2-1/2"]
[WhiteElo "2378"]
[BlackElo "2542"]
[Annotator "TA"]
[PlyCount "56"]
[EventDate "2019.11.24"]
[EventType "tourn"]
[EventCountry "ITA"]
[SourceTitle "playchess.com"]
[Source "ChessBase"]
[SourceQuality "1"]

{[%evp 18,56,20,20,16,12,32,0,0,-39,17,-10,-10,-56,-47,-162,-166,-174,-47,-31,-27,-20,-38,-40,70,68,89,89,82,95,89,89,87,84,88,79,89,0,87,0,73]} 1. e4 e6 2. d4 d5 3. e5 c5 4. c3 Nc6 5. Nf3 Bd7 6. Be2 f6 7. O-O fxe5 8. Nxe5 Nxe5 9. dxe5 Qc7 10. Re1 O-O-O {C02: French: Advance Variation} 11. c4 d4 12. Bf3 (12. b4 $5) (12. Bd3 Ne7 13. Nd2 Nc6 14. Nf3 Be7 15. a3 h6 16. Bg6 Be8 17. Qd3 Rf8 18. Bxe8 Rdxe8 {1-0 (44) Dvoirys,S (2505)-Stocek,J (2556) Pardubice 2019}) 12... Ne7 13. Bf4 (13. b4 $5) 13... Nf5 $146 (13... Kb8 $15) ({Predecessor:} 13... h6 14. Nd2 Nf5 15. Ne4 Bc6 16. h3 Be7 17. a3 Rhf8 18. Bh2 {½-½ (26) Prasad,D (2440)-Neelotpal,D (2423) New Delhi 2001}) 14. Na3 {[%cal Bb1a3,Ba3c2,Bc2e3][%mdl 32]} (14. Bg5 $5 {[%cal Rg5d8]}) 14... a6 15. Nc2 Be7 16. h3 (16. Qd3 $15) 16... g5 $19 17. Bh2 h5 ({Black should play} 17... Bc6 $19 18. Be2 Kb8) 18. Bxh5 $15 d3 19. Ne3 d2 $1 {[%cal Rd2e1]} 20. Rf1 {[#] Nxf5 is the strong threat.} Nd4 (20... Bc6 $1 $15) 21. Bg4 $14 Bc6 22. Kh1 Kb8 {[#]} 23. f3 $1 Qb6 24. Rf2 Qxb2 {Threatens to win with ...Qc3.} 25. Rxd2 Qc3 26. Rd3 Qb2 {...Nxf3! would now be nice for Black.} 27. Rd2 Qc3 28. Rd3 Qb2 {Accuracy: White = 42%, Black = 46%.} 1/2-1/2

[Event "79th ITA-ch 2019"]
[Site "Padova"]
[Date "2019.12.01"]
[Round "7"]
[White "Basso, Pier Luigi"]
[Black "Stella, Andrea"]
[Result "1/2-1/2"]
[WhiteElo "2563"]
[BlackElo "2475"]
[Annotator "ChessBase"]
[PlyCount "79"]
[EventDate "2019.11.24"]
[EventType "tourn"]
[EventCountry "ITA"]
[SourceTitle "playchess.com"]
[Source "ChessBase"]
[SourceQuality "1"]
[TimeControl "40/6600+30:20/3000+30:900+30"]

1. d4 e6 2. c4 Nf6 3. Nf3 d5 4. Nc3 dxc4 5. Qa4+ c6 6. Qxc4 b5 7. Qd3 a6 8. e4 c5 9. dxc5 Bxc5 10. e5 Qxd3 11. Bxd3 Nfd7 12. Be4 Ra7 13. Bf4 Bb7 14. Bxb7 Rxb7 15. Ke2 Nb6 16. Rac1 O-O 17. Ne4 Nd5 18. Bd2 Bb6 19. Be3 Nd7 20. g3 h6 21. Rhd1 Ra8 22. h4 a5 23. Nc3 Bxe3 24. fxe3 Nxc3+ 25. Rxc3 Kf8 26. e4 Ke7 27. Ke3 g5 28. hxg5 hxg5 29. g4 b4 30. Rc6 Rh8 31. Kf2 Rh3 32. Rc8 b3 33. a3 Nb6 34. Rg8 Rd7 35. Rxd7+ Kxd7 36. Kg2 Rh6 37. Nd2 a4 38. Rf8 Rh7 39. Rg8 Rh4 40. Kf3 1/2-1/2

[Event "79th ITA-ch 2019"]
[Site "Padova"]
[Date "2019.12.01"]
[Round "7"]
[White "David, Alberto"]
[Black "Brunello, Sabino"]
[Result "1-0"]
[WhiteElo "2542"]
[BlackElo "2549"]
[Annotator "ChessBase"]
[PlyCount "69"]
[EventDate "2019.11.24"]
[EventType "tourn"]
[EventCountry "ITA"]
[SourceTitle "playchess.com"]
[Source "ChessBase"]
[SourceQuality "1"]
[TimeControl "40/6600+30:20/3000+30:900+30"]

1. e4 c5 2. Nf3 d6 3. d4 cxd4 4. Nxd4 Nf6 5. Nc3 a6 6. h3 e6 7. g4 Nfd7 8. Be3 b5 9. a3 Bb7 10. g5 Nb6 11. h4 N8d7 12. h5 Rc8 13. g6 hxg6 14. hxg6 Rxh1 15. gxf7+ Kxf7 16. Qf3+ Nf6 17. Qxh1 Rxc3 18. bxc3 Bxe4 19. Qh3 Bd5 20. Nf3 Bxf3 21. Qxf3 d5 22. Bd3 Qc7 23. Kf1 Qxc3 24. Re1 Nbd7 25. Qg3 Bxa3 26. Qg6+ Kf8 27. Bh6 gxh6 28. Rxe6 Bc1 29. Rxa6 Qe5 30. Bf5 Bd2 31. Bxd7 Nxd7 32. Re6 Qa1+ 33. Kg2 Qa8 34. Qf5+ Kg8 35. Re7 1-0

[Event "79th ITA-ch 2019"]
[Site "Padova"]
[Date "2019.12.01"]
[Round "7"]
[White "Moroni, Luca Jr"]
[Black "Di Benedetto, Edoardo"]
[Result "1-0"]
[WhiteElo "2541"]
[BlackElo "2396"]
[Annotator "ChessBase"]
[PlyCount "73"]
[EventDate "2019.11.24"]
[EventType "tourn"]
[EventCountry "ITA"]
[SourceTitle "playchess.com"]
[Source "ChessBase"]
[SourceQuality "1"]
[TimeControl "40/6600+30:20/3000+30:900+30"]

1. e4 e6 2. d4 d5 3. Nc3 Nf6 4. e5 Nfd7 5. f4 c5 6. Nf3 Nc6 7. Be3 a6 8. Qd2 cxd4 9. Nxd4 Bc5 10. O-O-O O-O 11. Qf2 Nxd4 12. Bxd4 Qe7 13. Bd3 b5 14. Kb1 Bb7 15. h4 Bxd4 16. Qxd4 b4 17. Ne2 Qc5 18. h5 a5 19. g4 Ba6 20. Rh3 Qxd4 21. Nxd4 Nc5 22. h6 g6 23. f5 Rfe8 24. Re3 Kh8 25. fxe6 fxe6 26. Rf1 Bxd3 27. cxd3 Kg8 28. Nb5 Rf8 29. Rc1 Na4 30. Re2 Rab8 31. Nd4 Rbe8 32. Rc6 Rf1+ 33. Kc2 Rf4 34. Nxe6 Rxg4 35. Nc7 Rc8 36. e6 Nb6 37. e7 1-0

[Event "79th ITA-ch 2019"]
[Site "Padova"]
[Date "2019.12.01"]
[Round "7"]
[White "Valsecchi, Alessio"]
[Black "Barp, Alberto"]
[Result "1-0"]
[WhiteElo "2504"]
[BlackElo "2382"]
[Annotator "TA"]
[PlyCount "91"]
[EventDate "2019.11.24"]
[EventType "tourn"]
[EventCountry "ITA"]
[SourceTitle "playchess.com"]
[Source "ChessBase"]
[SourceQuality "1"]

{[%evp 9,91,14,31,16,27,25,25,20,33,17,20,27,15,23,15,12,20,8,47,43,50,47,68,74,70,67,125,138,129,125,127,125,122,81,83,81,100,102,115,116,108,110,115,112,112,118,104,109,112,101,102,60,159,141,212,175,158,18,31,31,14,19,20,21,16,14,21,38,12836,12836,12836,12835,29987,29988,29988,1107,12836,12836,12827,4717,12842,12841,12841,12839]} 1. e4 e5 2. Nf3 Nc6 3. Bc4 Bc5 4. c3 Nf6 5. d3 a6 6. a4 {C54: Giuoco Piano: 4 c3 Nf6, main lines with 5 d4 and 5 d3} (6. O-O d6 7. a4 O-O 8. Re1 Ba7 9. h3 h6 10. Nbd2 Re8 11. b4 Be6 12. Bxe6 Rxe6 13. Nf1 Qd7 14. Be3 Bxe3 15. Nxe3 d5 {1-0 (53) Vachier Lagrave,M (2774)-Aronian,L (2758) Khanty-Mansiysk 2019}) 6... Ba7 7. O-O d6 8. Re1 {White has an edge.} h6 9. Nbd2 {[%cal Bb1d2,Bd2f1,Bf1g3][%mdl 32]} O-O 10. Nf1 Ne7 11. h3 $146 ({Predecessor:} 11. Ng3 b5 12. Bb3 Ng6 13. h3 c6 {1-0 (28) Lorenzini,M (2448)-Anino,S (2144) Buenos Aires 2017}) 11... Ng6 12. Bb3 c6 13. d4 Re8 14. Bc2 Qc7 15. Ng3 b5 16. Be3 c5 17. Qd2 Be6 (17... cxd4 $14 18. cxd4 Bd7) 18. d5 $1 $16 {[%cal Rd5e6]} Bc8 19. axb5 axb5 {intending ...c4.} 20. c4 bxc4 21. Qc3 Bd7 22. Nd2 Bb6 23. Nxc4 Bb5 24. Nxb6 Qxb6 25. b4 cxb4 26. Qxb4 Qc7 27. Rxa8 Rxa8 28. Qxb5 Qxc2 29. Rc1 Qa4 30. Qc6 Ra6 (30... Qa6 $14) 31. Qc8+ Kh7 (31... Ne8 $16 32. Nf5 Nf4) 32. Qf5 Ra8 33. h4 (33. Kh2 $16) 33... Kg8 $11 {[#]} 34. Bxh6 $1 {[%mdl 512]} Nxh4 {[#]} (34... gxh6 35. Qxf6) 35. Qg5 $1 {[%csl Gh6][%cal Rg5g7][%mdl 512]} Ng6 36. Bxg7 Nxe4 37. Qh6 {Threatening mate with Bh8!} Nxg3 38. fxg3 $40 {[%mdl 128] White threatens Bf6 and mate. White mounts an attack.} Qd4+ $2 {[%mdl 8192] [#]} (38... f5 $14 39. Qxg6 Qa7+ 40. Kh2 Qxg7 41. Qxd6 Qh7+ 42. Kg1 Qa7+ 43. Kf1 Qa6+ 44. Qxa6 Rxa6) 39. Kh2 $1 $18 {White wants to mate with Bf6!} Qf2 40. Rc4 Qf5 41. Rh4 {[%csl Gh4][%cal Rh6h7]} f6 {[#]} 42. Qh7+ (42. Bh8 $142 $1 {[%mdl 512]} Nxh8 43. Qxh8+ Kf7 44. Rh7+ Qxh7+ 45. Qxh7+ Kf8 46. Qh8+ {[%mdl 64] Double Attack} Kf7 47. Qxa8) 42... Kf7 {White is clearly winning.} 43. Bh8+ Ke8 44. Rh5 Qd7 45. Qxg6+ {[%mdl 64] Double Attack} Qf7 46. Qf5 {Accuracy: White = 70%, Black = 43%.} 1-0

[Event "79th ITA-ch 2019"]
[Site "Padova"]
[Date "2019.12.01"]
[Round "7"]
[White "Lodici, Lorenzo"]
[Black "Brunello, Marina"]
[Result "0-1"]
[WhiteElo "2459"]
[BlackElo "2378"]
[Annotator "ChessBase"]
[PlyCount "62"]
[EventDate "2019.11.24"]
[EventType "tourn"]
[EventCountry "ITA"]
[SourceTitle "playchess.com"]
[Source "ChessBase"]
[SourceQuality "1"]
[TimeControl "40/6600+30:20/3000+30:900+30"]

1. d4 d5 2. c4 c6 3. Nf3 Nf6 4. Qc2 dxc4 5. e4 b5 6. b3 cxb3 7. axb3 e6 8. Bd2 Bb7 9. Ba5 Qc8 10. Nbd2 Nbd7 11. b4 Qb8 12. Bd3 e5 13. dxe5 Nxe5 14. Nxe5 Qxe5 15. O-O Be7 16. Nf3 Qf4 17. Rfe1 g6 18. e5 Nd5 19. e6 f5 20. Ne5 O-O 21. Nxc6 Bf6 22. e7 Rfe8 23. Qc5 Nc3 24. Re6 Bg7 25. Rf1 Rac8 26. Bd8 Rxc6 27. Rxc6 Be5 28. g3 Qf3 29. Qxe5 Bxc6 30. Qe6+ Kg7 31. Qe5+ Kf7 0-1

[Event "79th ITA-ch 2019"]
[Site "Padova"]
[Date "2019.12.01"]
[Round "7"]
[White "Gilevych, Artem"]
[Black "Bellia, Fabrizio"]
[Result "0-1"]
[WhiteElo "2437"]
[BlackElo "2433"]
[Annotator "NA"]
[PlyCount "44"]
[EventDate "2019.11.24"]
[EventType "tourn"]
[EventCountry "ITA"]
[SourceTitle "playchess.com"]
[Source "ChessBase"]
[SourceQuality "1"]
[TimeControl "40/6600+30:20/3000+30:900+30"]

1. Nf3 Nf6 2. c4 e6 3. Nc3 Bb4 4. d4 b6 5. e3 Bb7 6. Bd3 O-O 7. O-O d5 8. cxd5 exd5 9. a3 Bd6 10. b4 a6 11. Qb3 Qe7 12. Ra2 {E52: Nimzo-Indian: Rubinstein: 4...0-0 5 Nf3 d5 6 Bd3 b6} Nbd7 13. Re2 Rfe8 (13... b5 14. Nd2 Ne4 15. Nxd5 Bxd5 16. Qxd5 Nc3 17. Qc6 Nxe2+ 18. Bxe2 Nb6 19. e4 a5 20. Bxb5 axb4 {½-½ (88) Mamedyarov,S (2736)-Karjakin,S (2762) Baku 2015}) 14. Nd2 Ne4 15. Nxd5 Bxd5 16. Qxd5 Nc3 17. Qc6 Nxe2+ 18. Bxe2 Nf8 $146 ({Predecessor:} 18... a5 19. bxa5 bxa5 {1-0 (55) Zhang,Z (2313)-Lou,Y (2447) Shenzhen 2016}) 19. Bf3 Rab8 $14 20. Nc4 Ng6 21. Bd2 Qf6 22. Be2 Bxh2+ 0-1

[Event "79th ITA-ch 2019"]
[Site "Padova"]
[Date "2019.12.02"]
[Round "8"]
[White "Brunello, Sabino"]
[Black "Di Benedetto, Edoardo"]
[Result "1-0"]
[WhiteElo "2549"]
[BlackElo "2396"]
[Annotator "ChessBase"]
[PlyCount "83"]
[EventDate "2019.11.24"]
[EventType "tourn"]
[EventCountry "ITA"]
[SourceTitle "playchess.com"]
[Source "ChessBase"]
[SourceQuality "1"]
[TimeControl "40/6600+30:20/3000+30:900+30"]

1. e4 e6 2. d3 d5 3. Qe2 Nf6 4. Nf3 c5 5. g3 g6 6. e5 Nfd7 7. h4 Nc6 8. Bf4 Bg7 9. c3 b6 10. a4 Ba6 11. Na3 Qc7 12. Nb5 Bxb5 13. axb5 Ncxe5 14. Nd2 Rc8 15. Bg2 O-O 16. O-O Qd8 17. Rxa7 h5 18. Bh3 Re8 19. Rfa1 c4 20. dxc4 Nxc4 21. Nxc4 Rxc4 22. Qf3 Rf8 23. Rb7 Nc5 24. Rba7 Nd7 25. Bf1 Rc8 26. Bg5 Ne5 27. Qe3 Bf6 28. Bxf6 Qxf6 29. R1a4 Rc5 30. Rf4 Qg7 31. Rb7 Ng4 32. Qd2 e5 33. Ra4 e4 34. Rxb6 e3 35. fxe3 Qe5 36. Rf4 Nxe3 37. Qd4 Qc7 38. Rbf6 Nxf1 39. b6 Nxg3 40. Rxg6+ fxg6 41. Rxf8+ Kxf8 42. Qh8+ 1-0

[Event "79th ITA-ch 2019"]
[Site "Padova"]
[Date "2019.12.02"]
[Round "8"]
[White "David, Alberto"]
[Black "Lodici, Lorenzo"]
[Result "1-0"]
[WhiteElo "2542"]
[BlackElo "2459"]
[Annotator "ChessBase"]
[PlyCount "99"]
[EventDate "2019.11.24"]
[EventType "tourn"]
[EventCountry "ITA"]
[SourceTitle "playchess.com"]
[Source "ChessBase"]
[SourceQuality "1"]
[TimeControl "40/6600+30:20/3000+30:900+30"]

1. e4 c6 2. Nc3 d5 3. Nf3 Nf6 4. e5 Ne4 5. Ne2 Qb6 6. d4 e6 7. Ng3 c5 8. Bd3 Nxg3 9. fxg3 cxd4 10. O-O Nc6 11. Qe2 h6 12. a3 Bd7 13. g4 Be7 14. b4 O-O-O 15. Bf4 f6 16. Kh1 Rdf8 17. Bg3 h5 18. exf6 gxf6 19. gxh5 Rxh5 20. Nxd4 Rfh8 21. Nxe6 Bd6 22. Bxd6 Ne5 23. Bxe5 Rxe5 24. Qf2 Rxe6 25. Qxb6 Rxb6 26. Rf4 Re6 27. Raf1 Rh6 28. Kg1 Kd8 29. Rg4 Re5 30. Rg8+ Re8 31. Rg3 Re5 32. h3 Ke7 33. Rg7+ Kd6 34. Rf7 Ke6 35. Rg7 a6 36. Rf4 Kd6 37. Rf7 Ke6 38. Rg7 Re1+ 39. Kf2 Ra1 40. Rf3 Kd6 41. Bg6 Bb5 42. Kg3 Ke5 43. Bf5 Bc6 44. Re7+ Kd4 45. Ree3 Rd1 46. Bd3 Rd2 47. Be2 Rxc2 48. Kf2 Rh4 49. g4 Bb5 50. Rf4# 1-0

[Event "79th ITA-ch 2019"]
[Site "Padova"]
[Date "2019.12.02"]
[Round "8"]
[White "Stella, Andrea"]
[Black "Gilevych, Artem"]
[Result "1/2-1/2"]
[WhiteElo "2475"]
[BlackElo "2437"]
[Annotator "ChessBase"]
[PlyCount "79"]
[EventDate "2019.11.24"]
[EventType "tourn"]
[EventCountry "ITA"]
[SourceTitle "playchess.com"]
[Source "ChessBase"]
[SourceQuality "1"]
[TimeControl "40/6600+30:20/3000+30:900+30"]

1. d4 d5 2. c4 e6 3. Nc3 Bb4 4. Nf3 dxc4 5. e4 b5 6. a4 c6 7. Be2 Bb7 8. O-O a6 9. Bd2 Nf6 10. e5 Bxc3 11. bxc3 Ne4 12. Qb1 Nxd2 13. Nxd2 Ra7 14. Ne4 O-O 15. Nd6 Bc8 16. Bxc4 Rc7 17. Bd3 h6 18. f4 Nd7 19. f5 exf5 20. Bxf5 Nb6 21. axb5 axb5 22. Rf3 Nc4 23. Nxc4 bxc4 24. Bxc8 Qxc8 25. Qf1 Qe6 26. Ra4 c5 27. Qxc4 Rfc8 28. Qxe6 fxe6 29. Ra6 cxd4 30. cxd4 Rd7 31. Ra4 Rc1+ 32. Rf1 Rc2 33. h4 Rd2 34. Rf4 h5 35. Kh2 Rb7 36. Rf3 Rd7 37. Rf4 Rb7 38. Rf3 Rd7 39. Rf4 Rb7 40. Rf3 1/2-1/2

[Event "79th ITA-ch 2019"]
[Site "Padova"]
[Date "2019.12.02"]
[Round "8"]
[White "Bellia, Fabrizio"]
[Black "Valsecchi, Alessio"]
[Result "1/2-1/2"]
[WhiteElo "2433"]
[BlackElo "2504"]
[Annotator "TA"]
[PlyCount "38"]
[EventDate "2019.11.24"]
[EventType "tourn"]
[EventCountry "ITA"]
[SourceTitle "playchess.com"]
[Source "ChessBase"]
[SourceQuality "1"]

{[%evp 21,22,11,19]} 1. e4 e6 2. d4 d5 3. Nd2 c5 4. exd5 Qxd5 5. Ngf3 cxd4 6. Bc4 Qd7 7. O-O Nc6 8. Nb3 Nf6 9. Nbxd4 Nxd4 10. Qxd4 Qxd4 11. Nxd4 a6 {Predecessor:} 12. Be2 $146 e5 13. Nb3 Be6 14. Rd1 Rc8 15. c3 Be7 16. Bf3 e4 17. Be2 O-O 18. Nd4 Bg4 19. Bxg4 Nxg4 {1-0 (51) Salem,A (2660)-Goganov,A (2612) St Petersburg 2018} 1/2-1/2

[Event "79th ITA-ch 2019"]
[Site "Padova"]
[Date "2019.12.02"]
[Round "8"]
[White "Barp, Alberto"]
[Black "Moroni, Luca Jr"]
[Result "0-1"]
[WhiteElo "2382"]
[BlackElo "2541"]
[Annotator "ChessBase"]
[PlyCount "56"]
[EventDate "2019.11.24"]
[EventType "tourn"]
[EventCountry "ITA"]
[SourceTitle "playchess.com"]
[Source "ChessBase"]
[SourceQuality "1"]
[TimeControl "40/6600+30:20/3000+30:900+30"]

1. d4 Nf6 2. c4 e6 3. Nf3 a6 4. Nc3 d5 5. c5 Nc6 6. h3 Ne4 7. e3 f5 8. Bd2 Be7 9. Rb1 O-O 10. b4 Bf6 11. Qc2 Bd7 12. b5 axb5 13. Bxb5 Be8 14. Ne2 g5 15. Bxc6 bxc6 16. Ne5 Bxe5 17. dxe5 f4 18. Nd4 Qd7 19. Rc1 Bg6 20. Qb2 Rab8 21. Nb3 f3 22. g3 Nxg3 23. fxg3 f2+ 24. Ke2 Qc8 25. Qa3 Ra8 26. Na5 Qa6+ 27. Nc4 dxc4 28. Qxa6 Bd3+ 0-1

[Event "79th ITA-ch 2019"]
[Site "Padova"]
[Date "2019.12.02"]
[Round "8"]
[White "Brunello, Marina"]
[Black "Basso, Pier Luigi"]
[Result "0-1"]
[WhiteElo "2378"]
[BlackElo "2563"]
[Annotator "ChessBase"]
[PlyCount "112"]
[EventDate "2019.11.24"]
[EventType "tourn"]
[EventCountry "ITA"]
[SourceTitle "playchess.com"]
[Source "ChessBase"]
[SourceQuality "1"]
[TimeControl "40/6600+30:20/3000+30:900+30"]

1. e4 e5 2. Nf3 Nc6 3. Bc4 Bc5 4. d3 Nf6 5. O-O O-O 6. a4 h6 7. c3 a5 8. Re1 d6 9. h3 Be6 10. Nbd2 Bxc4 11. Nxc4 Re8 12. Be3 Bxe3 13. Nxe3 Qd7 14. Nf5 Kh7 15. Nh2 Ne7 16. Nxe7 Rxe7 17. Ng4 Nxg4 18. Qxg4 Re6 19. f4 exf4 20. Qxf4 Rf6 21. Qe3 Re8 22. Rf1 Rxf1+ 23. Rxf1 f6 24. Qd4 Re5 25. Qc4 Rc5 26. Qd4 Qe6 27. c4 Rg5 28. Rf3 b6 29. Qf2 Qe8 30. Rf5 Qxa4 31. Rxg5 hxg5 32. Qf5+ Kh6 33. Qc8 Qc6 34. g4 Qc5+ 35. Kg2 Kh7 36. Kf3 Qe5 37. Qxc7 Qd4 38. Ke2 Qxb2+ 39. Kd1 Qd4 40. Kc2 a4 41. Qa7 Qf2+ 42. Kc3 Qe1+ 43. Kc2 Qe2+ 44. Kc3 Qd1 45. Qd7 Qb3+ 46. Kd2 Qb2+ 47. Kd1 Qd4 48. Qf5+ Kh6 49. Ke2 Qb2+ 50. Kd1 Qc3 51. Ke2 Qc2+ 52. Ke3 Qh2 53. Qd7 a3 54. Qc8 Qf4+ 55. Ke2 Kh7 56. Qe8 Qe5 0-1

[Event "79th ITA-ch 2019"]
[Site "Padova"]
[Date "2019.12.03"]
[Round "9"]
[White "Moroni, Luca Jr"]
[Black "Bellia, Fabrizio"]
[Result "1-0"]
[WhiteElo "2541"]
[BlackElo "2433"]
[Annotator "TA"]
[PlyCount "185"]
[EventDate "2019.11.24"]
[EventType "tourn"]
[EventCountry "ITA"]
[SourceTitle "playchess.com"]
[Source "ChessBase"]
[SourceQuality "1"]

{[%evp 19,201,0,0,-7,-7,-6,-4,-6,25,24,38,38,56,35,35,35,35,35,37,13,17,0,8,13,21,-12,-12,-20,-31,-33,89,97,274,283,211,66,109,105,109,105,176,166,374,392,477,129,135,97,162,161,231,193,263,185,321,318,282,70,323,305,284,94,93,85,104,85,85,47,47,50,60,28,31,26,37,35,35,25,782,776,29992,51,51,51,50,50,54,50,66,70,58,71,76,54,71,23,43,46,72,22,83,83,91,43,37,15,14,12,25,25,25,25,25,25,25,26,47,33,40,34,41,41,60,60,60,56,55,0,52,33,50,0,147,147,815,622,4527,8770,11497,11491,29990,11260,11325,11043,11020,10837,10863,10468,10031,7760,9484,5273,1593,1068,29948,29947,29936,12827,29965,29965,29969,29970,29971,29972,29973,29971,29971,29972,29971,29973,29973,29974,29976,29977,29978,29979,29985,29986,29986,29987,29987,29986,29986,29987]} 1. d4 Nf6 2. c4 e6 3. Nc3 Bb4 4. Nf3 b6 5. e3 O-O 6. Bd3 d5 7. O-O Bb7 8. cxd5 exd5 9. Ne5 Nbd7 10. f4 c5 11. a3 {E52: Nimzo-Indian: Rubinstein: 4...0-0 5 Nf3 d5 6 Bd3 b6} (11. Ne2 c4 12. Bc2 Ne8 13. Rf3 Ndf6 14. Nc3 Bc8 15. Nc6 Qd6 16. Nxb4 Qxb4 17. h3 Bb7 18. Bd2 Qe7 {1-0 (89) Navara,D (2741)-Kryvoruchko,Y (2711) Linares 2018}) 11... Bxc3 12. bxc3 Ne4 13. Bb2 $146 {The position is equal.} ({Predecessor:} 13. Nxd7 Qxd7 14. Bxe4 dxe4 15. dxc5 Qc6 16. cxb6 Ba6 17. c4 Bxc4 18. Qc2 axb6 19. Rd1 b5 20. Bb2 Qg6 21. a4 Bd3 22. Qb3 bxa4 {0-1 (22) Heise,M (2139)-Morley,P (2270) ICCF email 2008}) 13... Nxe5 14. fxe5 Qg5 15. Rf4 Rad8 16. Qe2 f6 17. Bxe4 dxe4 18. Raf1 f5 19. a4 Qg6 20. c4 {aiming for d5.} Ba6 21. Rc1 Qc6 22. Qc2 cxd4 23. exd4 Rc8 $1 {[%cal Ra6c4]} 24. Ba3 Qh6 (24... Rfd8 $15 {stays ahead.}) 25. Qf2 $16 e3 $2 (25... Rfd8 $16) 26. Qxe3 $18 Rfe8 27. Qf2 (27. d5 $1 $18) 27... Bxc4 28. Rxf5 Qe6 29. h3 h6 (29... Kh8 $16 30. Rf4 h6) 30. Rc3 $1 Bd5 $2 (30... Rc7 {was called for.} 31. Bd6 Rf7 32. Rxf7 Qxf7 33. Qxf7+ Bxf7) 31. Rg3 Kh7 32. Bd6 $2 (32. Bf8 $18 {and the rest is easy.} Rc7 33. Bxg7 $1 {[%mdl 512]} Rxg7 34. Rxg7+ Kxg7 35. Rf6) 32... Rg8 $16 33. Kh2 Rc4 (33... Qd7 $16) 34. Rf4 $1 $18 Kh8 (34... Rc6 $142 35. Qd2 Qd7) 35. Qd2 Qd7 (35... a5 $142 36. Rf6 Rxd4 37. Qxd4 gxf6 38. exf6 Rxg3 39. f7+ {[%mdl 64] Zwischenzug} Kh7 40. Bxg3 (40. f8=N+ Kg8 $16) 40... Qxf7 41. Qxb6 Qd7 42. Qxa5 Bc6) 36. a5 bxa5 (36... Qe6 {is a better defense.} 37. Rgg4 Qe8 38. axb6 axb6) 37. Qxa5 Qb7 {[#] intending ...Rc2.} 38. Rf8 $2 (38. e6 $1 $18 {[%mdl 512] Black must now prevent Rf7.} Qc6 (38... Bxe6 39. Qe5) 39. Be5 Bxe6 40. Qxa7 {[%mdl 64] Decoy}) 38... Rc8 $2 {[%mdl 8192]} (38... Rc1 $14) 39. Rxc8 $1 Rxc8 {[#]} 40. Bc5 $2 (40. e6 $1 $18 {[%mdl 512] is the precise move to win.} Kh7 (40... Bxe6 41. Be5) 41. e7) 40... Rc7 41. Qe1 {Threatens to win with e6.} Qc6 42. Bd6 Rb7 43. Qd2 Rb3 44. Rg4 $36 {[%mdl 2048] White has the initiative.} Rb7 45. Qd3 Be6 46. Rh4 Qd5 47. Qg6 Rf7 48. Ba3 Rf1 $2 {[%mdl 8192]} (48... Bf5 $11 49. Qg5 a5) 49. Be7 $1 {[%cal Re7f6] Bf6! would kill now.} Bf7 {[#]} 50. Qg3 $2 (50. Rxh6+ $1 {[%mdl 512] mates} gxh6 51. Qxh6+ Kg8 52. Bf8 Rh1+ {[%mdl 64] Decoy} 53. Kxh1 Qxg2+ 54. Kxg2 Bd5+ 55. Kf2 Kf7 56. Qf6+ Kg8 57. Qg7#) 50... Qb3 $1 $14 51. Qxb3 Bxb3 {[%mdl 4096] Endgame KRB-KRB} 52. Re4 {And now e6 would win.} Be6 53. Re2 Rd1 54. Bc5 a5 55. Rb2 Kg8 56. Rb8+ Kf7 57. Rf8+ Kg6 58. Re8 Bf7 $1 {[%cal Rf7e8]} 59. Re7 {Strongly threatening e6.} Bd5 {[#]} (59... Bb3 $11 {remains equal.}) 60. Rd7 $1 $16 {[%cal Rd7d5]} Be6 61. Ra7 Rd2 62. Kg1 Bd5 63. Rd7 Be6 64. Rd6 Kf7 65. g4 a4 66. Ra6 {White wants to play Ra7+.} Bb3 67. Ra7+ Kg8 68. h4 g5 69. h5 Be6 70. Rxa4 {Hoping for Ra6.} Bxg4 71. Ra6 Kg7 72. Ra7+ Kg8 73. Ra6 Kg7 $1 74. e6 Bxh5 75. Ra8 g4 (75... Rd1+ $1 $11 76. Kh2 Rd2+ 77. Kg3 Rd3+ 78. Kf2 Rd2+ 79. Kg3 Rd3+ 80. Kh2 Rd2+ 81. Kg3) 76. e7 Re2 $2 {[%mdl 8192]} (76... Kf6 $16 77. Kf1 g3) 77. d5 $18 g3 78. d6 Rd2 79. Bb4 Rd3 {[#]} 80. e8=Q (80. d7 $142 $1 {[%mdl 512]} Bf7 (80... Rxd7 81. Bc3+) 81. d8=Q Re3 82. Qf8+ Kf6 83. Ra6+ Kg5 84. Qxf7 Re4 85. Ra5+ Re5 86. Rxe5+ Kg4 87. Qh5+ {[%mdl 64] Double Attack} Kf4 88. Qf5#) 80... Bxe8 81. Rxe8 {KRB-KR} h5 82. Re4 Kg6 83. Kg2 Kg5 84. Kh3 Kf5 85. Rh4 Kg5 86. Rc4 Kf5 87. Rc5+ Kg6 88. Rc3 Rd4 89. Rxg3+ {White mates.} Kf5 90. Bc5 Rd5 91. Kh4 Ke6 92. Rg6+ Kd7 {[#]} 93. Rg7+ {Played: Rg6-g5} 1-0

[Event "79th ITA-ch 2019"]
[Site "Padova"]
[Date "2019.12.04"]
[Round "10"]
[White "Brunello, Sabino"]
[Black "Barp, Alberto"]
[Result "1-0"]
[WhiteElo "2549"]
[BlackElo "2382"]
[Annotator "ChessBase"]
[PlyCount "64"]
[EventDate "2019.11.24"]
[EventType "tourn"]
[EventCountry "ITA"]
[SourceTitle "playchess.com"]
[Source "ChessBase"]
[SourceQuality "1"]
[TimeControl "40/6600+30:20/3000+30:900+30"]

1. e4 e5 2. Nf3 Nc6 3. Bb5 a6 4. Ba4 Nf6 5. O-O b5 6. Bb3 Be7 7. Qe2 O-O 8. c3 d6 9. d4 Bg4 10. Rd1 exd4 11. cxd4 d5 12. exd5 Nb4 13. h3 Bc8 14. Nc3 Bb7 15. a4 bxa4 16. Rxa4 Nbxd5 17. Ne5 Qc8 18. Rd3 Qf5 19. Rg3 Nxc3 20. bxc3 Nh5 21. Rg4 Nf6 22. Bc2 Qh5 23. Ra5 c5 24. Bg5 Kh8 25. Bxf6 Bxf6 26. Rxc5 Rae8 27. Qd3 Bxe5 28. dxe5 Bc8 29. Rd4 g6 30. Qg3 Re7 31. Rh4 Qe2 32. Qg5 Rfe8 1-0

[Event "79th ITA-ch 2019"]
[Site "Padova"]
[Date "2019.12.04"]
[Round "10"]
[White "David, Alberto"]
[Black "Gilevych, Artem"]
[Result "1/2-1/2"]
[WhiteElo "2542"]
[BlackElo "2437"]
[Annotator "ChessBase"]
[PlyCount "61"]
[EventDate "2019.11.24"]
[EventType "tourn"]
[EventCountry "ITA"]
[SourceTitle "playchess.com"]
[Source "ChessBase"]
[SourceQuality "1"]
[TimeControl "40/6600+30:20/3000+30:900+30"]

1. e4 e6 2. d4 d5 3. Nd2 dxe4 4. Nxe4 Nd7 5. g3 Ngf6 6. Nxf6+ Nxf6 7. Bg2 c5 8. Nf3 Qa5+ 9. c3 Qa6 10. Qb3 c4 11. Qd1 b5 12. O-O Bb7 13. Bg5 Be7 14. Re1 O-O 15. a4 b4 16. Bxf6 Bxf6 17. Ne5 Bxe5 18. Rxe5 Bxg2 19. Kxg2 Rab8 20. Qf3 Rfc8 21. d5 exd5 22. Rxd5 bxc3 23. bxc3 Rd8 24. Rxd8+ Rxd8 25. Rd1 Rf8 26. Rd7 Qxa4 27. Qd5 h6 28. Rc7 Qb3 29. Rxa7 Qxc3 30. Rc7 Qd3 31. Qxc4 1/2-1/2